Máktündérek, csutkanépek

Bibliographic Details
Main Authors: Berhidai, Magdolna (Author), Fényi, Tibor (Author), Kiss, Anna, 1939- (Author)
Format: Book
Language:Hungarian
PhysicalDescription:56 s., 7,45 AH 27 cm
Published: Bratislava Madách 1984
ISBN:963 11 3592 6
Edition:1., kiad.

MARC

LEADER 00000nam a2200000 a 4500
001 vtls001093448
003 SK-MaSNL
005 20260301135541.0
008 250414s1984 CS 0 hun
015 |a SNBA1985/02 
020 |a 963 11 3592 6 
035 |a SNK000036290 
040 |a SNK  |b slo  |c SNK  |e AACR2 
041 0 |a hun 
044 |a [CS] 
080 |a 894.511-1(087.5)=945.11  |2 1981 
100 1 |a Berhidai, Magdolna  |4 aut  |9 491007 
245 1 0 |a Máktündérek, csutkanépek  |c Magdolna Berhidai, Tibor Fényi, Anna Kiss 
250 |a 1., kiad. 
260 |a Bratislava  |b Madách  |c 1984  |e Budapest  |f Offset és Játékkártya Nyomda 
300 |a 56 s., 7,45 AH  |c 27 cm 
366 |e 1500 výtl. 
500 |a Fareb. fot. Spoluvyd. Móra Ferenc Ifjúsági Könyvkiadó, Budapest. Ilustr. na front. liste. 
700 1 |a Fényi, Tibor  |4 aut  |9 491008 
700 1 |a Kiss, Anna,  |d 1939-  |4 aut  |9 198875 
852 |a Slovenská národná knižnica 
919 |a 963 11 3592 6 
954 |a rečňovanky 
958 |a LX 
958 |a DB 
958 |a TL 
958 |a HU 
958 |a OND 
999 |c 760641  |d 762571 
952 |t P60, <05>, [BOOK], {605}  |a SNK  |b SNK  |y PREZ  |7 0  |p 17A0207625  |o snkSB 38453 D1  |0 0  |1 0  |4 0  |d 1999-08-30  |l 0  |r 2004-12-31 00:00:00  |w 2026-02-24 
952 |a SNK  |b SNK  |y PREZ  |7 0  |p 17A0791055  |o snkSB 38453  |0 0  |1 0  |4 0  |d 2012-05-23  |f 1  |l 0  |r 2025-04-23 00:00:00  |w 2026-02-24